000 00353 a2200157 4500
001 185994
020 _a85-10-03547-1
040 _cMagnum
100 _aGonçalves, Marcos
240 1 0 _aPassaporte para geografia 2
_lpor
245 1 0 _aPassaporte para geografia 2
300 _a200
362 0 _a2005
697 _aGEOGRAFIA DO BRASIL
942 _cBK
999 _c185994
_d185994